| 000 | 00550nam a22001817a 4500 | ||
|---|---|---|---|
| 005 | 20251108163353.0 | ||
| 008 | 250721s1993 xx 000 0 ara d | ||
| 082 | 1 | 4 | _a43234ر210/خطي |
| 100 | 1 | _aالخطيب، حورية يونس | |
| 245 | 1 | 0 | _aالإسلام و مفهوم الحرية / |
| 264 | 1 |
_aليماسول : _bدار الملتقى للطباعة، _c1993. |
|
| 300 | _a107ص | ||
| 650 | 1 | 7 | _aالإسلام |
| 650 | 1 | 7 | _aالحقوق المدنية و السياسية |
| 650 | 1 | 7 | _aالحرية |
| 942 |
_2ddc _cBK |
||
| 999 |
_c972 _d972 |
||